Hotovostný peňažný obeh v SR v roku 2016
Hodnotenie hotovostného peňažného obehu v SR v roku 2016, ktorý sa niesol v znamení rastúceho dopytu po hotovostných peniazoch. V roku 2016 nebola emitovaná žiadna eurobankovka zo série Európa, dosiaľ boli vydané tri eurobankovky druhej série, a to v nominálnej hodnote 5 €, 10 € a 20 €. Ďalšia, v po...
Gespeichert in:
| 1. Verfasser: | |
|---|---|
| Format: | Buchkapitel |
| Sprache: | Slowakisch |
| Schlagworte: | |
| Tags: |
Keine Tags, Fügen Sie das erste Tag hinzu!
|
MARC
| LEADER | 00000naa a2200000 4500 | ||
|---|---|---|---|
| 001 | 0229803 | ||
| 005 | 20220805075243.5 | ||
| 041 | 0 | |a slo | |
| 044 | |a SK | ||
| 245 | 1 | 0 | |a Hotovostný peňažný obeh v SR v roku 2016 |c Milada Vlnková |
| 520 | |a Hodnotenie hotovostného peňažného obehu v SR v roku 2016, ktorý sa niesol v znamení rastúceho dopytu po hotovostných peniazoch. V roku 2016 nebola emitovaná žiadna eurobankovka zo série Európa, dosiaľ boli vydané tri eurobankovky druhej série, a to v nominálnej hodnote 5 €, 10 € a 20 €. Ďalšia, v poradí štvrtá eurobankovka s nominálnou hodnotou 50 € bola emitovaná 4. apríla 2017. | ||
| 610 | 2 | 0 | |a obeh peňažný |
| 610 | 2 | 0 | |a platby v hotovosti |
| 610 | 2 | 0 | |a Slovensko |
| 610 | 2 | 0 | |a styk platobný hotovostný |
| 610 | 2 | 0 | |a euro |
| 610 | 2 | 0 | |a emisia |
| 100 | 1 | |a Vlnková, Milada | |